|
|
|
|
| LEADER |
00000nab a2200000 a 4500 |
| 001 |
vtls000524177 |
| 003 |
SK-MaSNL |
| 005 |
20260304095408.0 |
| 008 |
250425c1994 xo 0 slo |
| 015 |
|
|
|a SNBRB19rr/mm-uuuuu
|
| 035 |
|
|
|a CL0524315
|
| 035 |
|
|
|a urn:nbn:sk:snk-abd7u
|
| 035 |
|
|
|a (urnnbn)urn:nbn:sk:snk:ar-a059bn
|
| 035 |
|
|
|a (uuid)44bdb6f9-f585-41b5-aa8b-252295e21e8b
|
| 040 |
|
|
|a SNKBUCL
|b slo
|c SNKBUCL
|e AACR2
|
| 041 |
0 |
|
|a slo
|
| 044 |
|
|
|a xo
|c SK
|
| 080 |
|
|
|a 613.84:061.3
|2 1981
|
| 080 |
|
|
|a 616.2
|2 1981
|
| 100 |
1 |
|
|a Strelka, Jozef,
|d 1921-2001
|4 aut
|9 39983
|
| 245 |
1 |
0 |
|a Kongres " Fajčenie a zdravie" s medzinárodnou účasťou 9.-11. decembra 1993 v Bratislave
|c J. Strelka
|
| 650 |
0 |
7 |
|a fajčenie
|2 snkbucl
|9 2509
|
| 655 |
|
7 |
|a články z novín a časopisov
|2 snkbucl
|9 267496
|
| 773 |
0 |
|
|t Choroby hlavy a krku
|g Roč. 3, č. 2 (1994), s. 54-55
|x 1210-0447
|
| 850 |
|
|
|a Slovenská národná knižnica
|
| 852 |
|
|
|a Slovenská národná knižnica
|
| 954 |
|
|
|a odborná, vedecká literatúra pôvodná (slovenská)
|2 lita
|
| 958 |
|
|
|a article27
|
| 958 |
|
|
|a RK
|
| 958 |
|
|
|a MI
|
| 958 |
|
|
|a OND
|
| 958 |
|
|
|a EUIPO
|
| 992 |
|
|
|a RBX
|
| 999 |
|
|
|c 2832550
|d 2834480
|